000 00622nam a2200241Ia 4500
003 OSt
005 20221007100807.0
006 a|||||r|||| 00| 0
007 ta
008 221006b |||||||| |||| 00| 0 eng d
024 _a5,166
037 _cTextual
040 _aLCO
_cLCO
_beng
041 _2eng
_aeng
082 _aV2:11, K8
100 _aBORALE P T
_9242034
245 0 _aSegregation & Desegregation in India
260 _aBombay
_bManka talas
_c1968
300 _a310
650 _aSEGREGATION IN INDIA
_9702114
942 _hV2:11, K8
_cTEXL
999 _c1174729
_d1174729